000
00292nam a22001337a 4500
008
171221b xxu||||| |||| 00| 0 eng d
020
_a
086542117
041
_a
eng
080
_a
616-053.2
100
_a
8
101
_a
PED
245
_a
PEDIATRIC OPHTHAMOLOGY
_c
TAYLOT.D
942
_2
udc
_c
BK
999
_c
39253
_d
39253